[Event "SR 3. liga A2 2005/2006"]
[Site "?"]
[Date "2005.??.??"]
[Round "?"]
[White "Peska, Juraj"]
[Black "Szitasi, Janos"]
[Result "1-0"]
[WhiteElo "2020"]
[BlackElo "2020"]
[Annotator " 13.4"]
[PlyCount "47"]
[EventDate "2005.??.??"]

1. c4 g6 2. Nc3 Bg7 3. d4 d6 4. e4 Nd7 5. Be3 Ngf6 6. Bd3 e5 7. d5 Nc5 8. h3
Nxd3+ 9. Qxd3 Bd7 10. Nge2 a6 11. O-O b6 12. b3 O-O 13. Qd2 Ne8 14. f4 f5 15.
fxe5 Bxe5 16. Bd4 Qe7 17. Rae1 Bxd4+ 18. Nxd4 fxe4 19. Rxf8+ Qxf8 20. Nxe4 h6
21. Rf1 Qg7 22. Qf2 Rc8 23. Ne6 Qe7 24. Qf8+ 1-0

[Event "SR 3. liga A2 2005/2006"]
[Site "?"]
[Date "2005.??.??"]
[Round "?"]
[White "Bernath, Mikulas"]
[Black "Kollarik, Gorazd"]
[Result "1/2-1/2"]
[WhiteElo "1905"]
[BlackElo "1980"]
[Annotator " 13.5"]
[PlyCount "109"]
[EventDate "2005.??.??"]

1. d4 Nf6 2. c4 e6 3. Nc3 d5 4. e3 Bb4 5. Bd2 O-O 6. a3 Bxc3 7. Bxc3 b6 8. cxd5
exd5 9. Bd3 Bb7 10. Ne2 Nbd7 11. O-O Re8 12. Qc2 h6 13. Ng3 Ne4 14. Nxe4 dxe4
15. Bc4 Nf6 16. h3 Bd5 17. b3 c6 18. Rad1 Qe7 19. Qe2 Rac8 20. Bb2 Qe6 21. Bc1
Rc7 22. Rd2 Rec8 23. Rc2 Ne8 24. Bb2 Nd6 25. Rfc1 Qf5 26. a4 Rb8 27. Ba3 Ne8
28. Rc3 Qe6 29. Qc2 Rbc8 30. Be2 a5 31. Ba6 Ra8 32. Bc4 Rac8 33. Be2 Nf6 34. b4
axb4 35. Bxb4 Ra8 36. Ra1 Rca7 37. Rca3 Qd7 38. a5 bxa5 39. Rxa5 Rxa5 40. Rxa5
Rxa5 41. Bxa5 Qa7 42. Bd8 Nd7 43. Qb2 Qb8 44. Qxb8 Nxb8 45. f3 f5 46. fxe4 Bxe4
47. Bc4+ Bd5 48. Bd3 g6 49. Kf2 Kf7 50. g4 fxg4 51. hxg4 Nd7 52. e4 Be6 53. Kg3
Bb3 54. e5 c5 55. dxc5 1/2-1/2

[Event "SR 3. liga A2 2005/2006"]
[Site "?"]
[Date "2005.??.??"]
[Round "?"]
[White "Barca, Michal"]
[Black "Lelkes, Bela"]
[Result "1-0"]
[WhiteElo "1845"]
[BlackElo "1855"]
[Annotator " 13.6"]
[PlyCount "89"]
[EventDate "2005.??.??"]

1. c4 e6 2. Nc3 d6 3. d4 a6 4. e4 Bd7 5. Bd3 Nc6 6. Nge2 g6 7. O-O Bg7 8. Be3
Nge7 9. Rb1 Nb4 10. a3 Nxd3 11. Qxd3 O-O 12. Rfd1 c6 13. c5 d5 14. b4 Qc7 15.
Bf4 Qc8 16. Na4 Qe8 17. Bd6 Kh8 18. Nb6 Ra7 19. Qf3 f5 20. e5 Rf7 21. Bxe7 Qxe7
22. Qe3 Qf8 23. f4 Be8 24. Nc3 Qg8 25. h4 Bf8 26. Rd2 Qg7 27. Rdb2 Rc7 28. a4
Be7 29. g3 Qh6 30. Qf3 Bd8 31. Rh2 Rg7 32. Nc8 Ra8 33. Nd6 Re7 34. a5 Rb8 35.
Kh1 Bf7 36. Rg1 Bg8 37. g4 Qf8 38. gxf5 exf5 39. h5 Rg7 40. hxg6 Qe7 41. Nxf5
Qd7 42. Nxg7 h6 43. Nh5 Qe6 44. g7+ Kh7 45. Qd3+ 1-0

[Event "SR 3. liga A2 2005/2006"]
[Site "?"]
[Date "2005.??.??"]
[Round "?"]
[White "Fekete, Robert"]
[Black "Slamka, Michal"]
[Result "1-0"]
[WhiteElo "1870"]
[BlackElo "1630"]
[Annotator " 13.7"]
[PlyCount "69"]
[EventDate "2005.??.??"]

1. e4 e5 2. Nf3 Nc6 3. Bb5 a6 4. Ba4 d6 5. d3 Be7 6. h3 Nf6 7. Be3 b5 8. Bb3
Bb7 9. Nc3 O-O 10. a3 Na5 11. Ba2 c5 12. Bd2 Nc6 13. O-O Nd4 14. Nxd4 cxd4 15.
Ne2 d5 16. f3 Rc8 17. Rc1 Qb6 18. Qe1 dxe4 19. fxe4 Ne8 20. Qf2 Qg6 21. Kh1 Rc6
22. Qg3 Qxg3 23. Nxg3 g6 24. Ba5 Nc7 25. Ne2 Kg7 26. c3 dxc3 27. Bxc3 f6 28. d4
exd4 29. Nxd4 Rc4 30. Bxc4 bxc4 31. Ba5 Bc5 32. Rxc4 Bxd4 33. Rxc7+ Rf7 34.
Rxf7+ Kxf7 35. Rd1 1-0

[Event "SR 3. liga A2 2005/2006"]
[Site "?"]
[Date "2005.??.??"]
[Round "?"]
[White "Racik, Marek"]
[Black "Ollos, Ladislav"]
[Result "1/2-1/2"]
[WhiteElo "1795"]
[BlackElo "1650"]
[Annotator " 13.8"]
[PlyCount "97"]
[EventDate "2005.??.??"]

1. Nf3 d5 2. c4 Nf6 3. g3 e6 4. Bg2 c6 5. b3 Nbd7 6. Bb2 Bd6 7. O-O b6 8. d4
Bb7 9. Nbd2 O-O 10. Rc1 c5 11. e3 Qe7 12. Rc2 Rac8 13. Qa1 Rc7 14. Rfc1 Rfc8
15. a3 h6 16. h3 a6 17. Kh2 b5 18. Ne5 cxd4 19. Nxd7 Nxd7 20. exd4 bxc4 21.
bxc4 dxc4 22. Bxb7 Rxb7 23. Nxc4 Rcb8 24. Nxd6 Qxd6 25. Rc8+ Kh7 26. R1c6 Qd5
27. Rxb8 Qxc6 28. Qb1+ f5 29. Rxb7 Qxb7 30. Qc2 Nf6 31. Qe2 Qb5 32. Qxb5 axb5
33. f4 h5 34. h4 Nd5 35. Kg1 g6 36. Kf2 Kg8 37. Ke2 Kf7 38. Kd3 Ke8 39. Bc1 Kd7
40. Bd2 Nf6 41. Be1 Ne4 42. Ke2 Kc6 43. Ke3 Kd5 44. Kd3 Nd6 45. Bc3 Nc4 46. Bb4
Nb2+ 47. Kc2 Na4 48. Kd3 Nb6 49. Be1 1/2-1/2

[Event "SR 3. liga A2 2005/2006"]
[Site "?"]
[Date "2005.??.??"]
[Round "?"]
[White "Lesny, Stefan"]
[Black "Cechovic, Stefan"]
[Result "1/2-1/2"]
[WhiteElo "2095"]
[BlackElo "2165"]
[Annotator " 14.1"]
[PlyCount "42"]
[EventDate "2005.??.??"]

1. e4 e5 2. Nf3 Nf6 3. Nc3 Bb4 4. Bc4 d6 5. d3 h6 6. a3 Bxc3+ 7. bxc3 O-O 8.
O-O c6 9. Bb3 Nbd7 10. Re1 Nc5 11. Rb1 Qc7 12. Nh4 d5 13. Qf3 dxe4 14. dxe4
Nxb3 15. cxb3 Qe7 16. c4 Rd8 17. h3 Nh7 18. Qg3 Ng5 19. Bb2 f6 20. Nf3 Nxf3+
21. Qxf3 Be6 1/2-1/2

[Event "SR 3. liga A2 2005/2006"]
[Site "?"]
[Date "2005.??.??"]
[Round "?"]
[White "Vlkovic, Pavol"]
[Black "Obdrzalkova, Anitta"]
[Result "1/2-1/2"]
[WhiteElo "1885"]
[BlackElo "2115"]
[Annotator " 14.2"]
[PlyCount "36"]
[EventDate "2005.??.??"]

1. e4 c5 2. d4 cxd4 3. c3 dxc3 4. Nxc3 d6 5. Bc4 Nf6 6. e5 Ng8 7. Nf3 e6 8.
exd6 Bxd6 9. O-O Nc6 10. Qe2 Nf6 11. Rd1 Qe7 12. Nb5 Bb8 13. Bg5 O-O 14. Rac1
a6 15. Nbd4 Nxd4 16. Nxd4 e5 17. Bd3 h6 18. Bh4 g5 1/2-1/2

[Event "SR 3. liga A2 2005/2006"]
[Site "?"]
[Date "2005.??.??"]
[Round "?"]
[White "Farkas, Gabor"]
[Black "Vagovsky, Jozef"]
[Result "1-0"]
[WhiteElo "2125"]
[BlackElo "1835"]
[Annotator " 14.3"]
[PlyCount "61"]
[EventDate "2005.??.??"]

1. e4 e6 2. d3 d5 3. Nd2 c5 4. g3 Bd6 5. Ngf3 Nc6 6. Bg2 Nge7 7. O-O O-O 8. Re1
Qc7 9. Nf1 h6 10. h4 d4 11. N1h2 Bd7 12. e5 Nxe5 13. Nxe5 Bxe5 14. Ng4 Ng6 15.
h5 f5 16. Nxh6+ gxh6 17. hxg6 Kg7 18. Qh5 Rh8 19. Bd2 Bd6 20. c3 Raf8 21. Rac1
Qb6 22. b4 Rf6 23. Qh4 Bc6 24. bxc5 Bxc5 25. Bxc6 bxc6 26. Rb1 Qd8 27. Rb7+ Be7
28. Qxd4 Kxg6 29. Rd7 Qf8 30. Qxa7 Rh7 31. Qb7 1-0

[Event "SR 3. liga A2 2005/2006"]
[Site "?"]
[Date "2005.??.??"]
[Round "?"]
[White "Hrusovsky, Jan"]
[Black "Petenyi, Tamas"]
[Result "0-1"]
[WhiteElo "1730"]
[BlackElo "2075"]
[Annotator " 14.4"]
[PlyCount "104"]
[EventDate "2005.??.??"]

1. e4 c5 2. Nf3 d6 3. d4 cxd4 4. Nxd4 Nf6 5. Nc3 g6 6. Bc4 Bg7 7. O-O O-O 8.
Re1 Nc6 9. Nxc6 bxc6 10. e5 dxe5 11. Qxd8 Rxd8 12. Bg5 Bf5 13. Rxe5 Rd4 14. Bd3
Bxd3 15. cxd3 Nd5 16. Nxd5 Bxe5 17. Nxe7+ Kg7 18. Nxc6 Rg4 19. Nxe5 Rxg5 20. f4
Rf5 21. g3 f6 22. Nc4 Rd5 23. Rd1 Rad8 24. Kf2 Rxd3 25. Rxd3 Rxd3 26. Ke2 Rd5
27. h4 h5 28. a4 Kf7 29. a5 Ke6 30. Ke3 Rd1 31. Nd2 Ra1 32. Nc4 Kd5 33. Kd3 Rg1
34. Ne3+ Kc5 35. b4+ Kxb4 36. Nd5+ Kxa5 37. Nxf6 Rxg3+ 38. Ke4 Rh3 39. Ke5 Rxh4
40. Ne4 Rg4 41. Nf6 Rg1 42. Ne4 h4 43. Ng5 Rxg5+ 44. fxg5 h3 45. Kf6 h2 46.
Kxg6 h1=Q 47. Kg7 Kb4 48. g6 a5 49. Kg8 Qh6 50. g7 a4 51. Kf7 Qxg7+ 52. Kxg7 a3
0-1

[Event "SR 3. liga A2 2005/2006"]
[Site "?"]
[Date "2005.??.??"]
[Round "?"]
[White "Varga, David"]
[Black "Liptak, Tomas"]
[Result "1-0"]
[WhiteElo "2070"]
[BlackElo "1625"]
[Annotator " 14.5"]
[PlyCount "95"]
[EventDate "2005.??.??"]

1. c4 Nf6 2. Nf3 g6 3. b4 Bg7 4. Bb2 O-O 5. e3 d5 6. cxd5 Nxd5 7. Bxg7 Kxg7 8.
Qb3 c6 9. Nc3 Nxc3 10. Qxc3+ Kg8 11. Bc4 Nd7 12. e4 Nf6 13. d3 Qb6 14. O-O Bd7
15. Ne5 Rad8 16. a4 Ng4 17. Nf3 Qc7 18. h3 Nf6 19. e5 Nh5 20. Rfe1 e6 21. Ng5
Bc8 22. Ne4 b6 23. d4 Ng7 24. Nf6+ Kh8 25. Re4 Ne8 26. Qe3 Nxf6 27. exf6 Rg8
28. Rh4 g5 29. Rh5 Qf4 30. Bd3 Rg6 31. Bxg6 fxg6 32. Rxg5 Qxd4 33. Qxd4 Rxd4
34. Rg4 Rd2 35. Rc1 Bd7 36. Kf1 Kg8 37. Ke1 Rd5 38. Rf4 Kf7 39. Rd1 g5 40. Rf3
a6 41. a5 bxa5 42. bxa5 c5 43. Rxd5 exd5 44. Rb3 Kxf6 45. Rb6+ Ke5 46. Rxa6 d4
47. Rb6 c4 48. a6 1-0

[Event "SR 3. liga A2 2005/2006"]
[Site "?"]
[Date "2005.??.??"]
[Round "?"]
[White "Kolesar, Rastislav"]
[Black "Cisar, Marian"]
[Result "1-0"]
[WhiteElo "1875"]
[BlackElo "1655"]
[Annotator " 14.7"]
[PlyCount "67"]
[EventDate "2005.??.??"]

1. e4 e5 2. Nf3 Nc6 3. d4 exd4 4. Bc4 Bb4+ 5. c3 dxc3 6. bxc3 Be7 7. Qd5 Nh6 8.
Bxh6 O-O 9. Bg5 d6 10. Bxe7 Qxe7 11. O-O Rd8 12. Qg5 Qxg5 13. Nxg5 Ne5 14. Bb3
Rf8 15. Nd2 b6 16. Ngf3 Nd3 17. Bd5 Rb8 18. Nd4 Bb7 19. Nc6 Bxc6 20. Bxc6 Ne5
21. Bd5 c6 22. Bb3 Kh8 23. Nc4 Nxc4 24. Bxc4 b5 25. Bb3 a5 26. a4 b4 27. c4 f5
28. exf5 Rxf5 29. Rad1 Rd8 30. Rfe1 d5 31. cxd5 c5 32. d6 g6 33. d7 Rff8 34.
Re7 1-0

[Event "SR 3. liga A2 2005/2006"]
[Site "?"]
[Date "2005.??.??"]
[Round "?"]
[White "Furjel, Andrej"]
[Black "Hecko, Dusan"]
[Result "0-1"]
[WhiteElo "2120"]
[BlackElo "2015"]
[Annotator " 15.1"]
[PlyCount "58"]
[EventDate "2005.??.??"]

1. Nf3 c5 2. g3 Nc6 3. d4 cxd4 4. Nxd4 Nf6 5. Bg2 g6 6. O-O Bg7 7. Nc3 O-O 8.
Nb3 d6 9. e4 Bg4 10. f3 Be6 11. Kh1 Rc8 12. Be3 a6 13. a4 b6 14. Rf2 Ne5 15.
Nd2 d5 16. exd5 Nxd5 17. Nxd5 Bxd5 18. Rb1 Qc7 19. f4 Bxg2+ 20. Rxg2 Nd7 21.
Nb3 Qc6 22. a5 b5 23. Qe2 e5 24. fxe5 Nxe5 25. Nd4 Qe4 26. Bg1 Qb7 27. h3 Rfe8
28. Re1 Qd7 29. g4 Nc4 0-1

[Event "SR 3. liga A2 2005/2006"]
[Site "?"]
[Date "2005.??.??"]
[Round "?"]
[White "Hanzluvka, Peter"]
[Black "Pobjecky, Ivan"]
[Result "1/2-1/2"]
[WhiteElo "2050"]
[BlackElo "2025"]
[Annotator " 15.2"]
[PlyCount "72"]
[EventDate "2005.??.??"]

1. e4 c5 2. Nf3 Nc6 3. d4 cxd4 4. Nxd4 g6 5. Bc4 Bg7 6. Nxc6 bxc6 7. O-O d6 8.
Nc3 Qc7 9. Be3 Nf6 10. f3 O-O 11. Qd2 Rd8 12. Rad1 Bb7 13. Qf2 Qa5 14. Bb3 e5
15. Qh4 d5 16. Bg5 Rd6 17. f4 Nh5 18. fxe5 Bxe5 19. g4 Ng7 20. Bf6 Re8 21. Bxe5
Rxe5 22. Kg2 h5 23. Rf6 Qd8 24. g5 Rxg5+ 25. Qxg5 Rxf6 26. Qe3 Qd7 27. Rd3 Qg4+
28. Qg3 dxe4 29. Qxg4 hxg4 30. Rd8+ Kh7 31. Rd7 Ba6 32. Nxe4 Bf1+ 33. Kg1 Rf4
34. Ng5+ Kh6 35. Nxf7+ Kh5 36. Ne5 Bh3 1/2-1/2

[Event "SR 3. liga A2 2005/2006"]
[Site "?"]
[Date "2005.??.??"]
[Round "?"]
[White "Mihalik, Anton"]
[Black "Diviak, R."]
[Result "0-1"]
[WhiteElo "2035"]
[BlackElo "1945"]
[Annotator " 15.3"]
[PlyCount "59"]
[EventDate "2005.??.??"]

1. e4 d6 2. d4 Nf6 3. Nc3 g6 4. Nf3 Bg7 5. Be2 O-O 6. O-O c6 7. h3 Nbd7 8. Be3
e5 9. Qd2 Re8 10. dxe5 dxe5 11. Rad1 Qe7 12. Qd6 Qxd6 13. Rxd6 Bf8 14. Rd3 Nc5
15. Bxc5 Bxc5 16. a3 Be6 17. Nxe5 Bxh3 18. Rxh3 Rxe5 19. Bd3 b5 20. Re1 Rae8
21. Kf1 Bd4 22. f3 Nh5 23. Nd1 Nf4 24. Rh2 Nh5 25. g4 Nf4 26. b3 Rd8 27. Be2 h5
28. gxh5 Rg5 29. Nf2 Nxh5 30. Nh3 {cas} 0-1

[Event "SR 3. liga A2 2005/2006"]
[Site "?"]
[Date "2005.??.??"]
[Round "?"]
[White "Pagerka, Martin"]
[Black "Stepanovic, Branislav"]
[Result "0-1"]
[WhiteElo "1855"]
[BlackElo "2025"]
[Annotator " 15.4"]
[PlyCount "116"]
[EventDate "2005.??.??"]

1. e4 c5 2. Nf3 Nc6 3. d4 cxd4 4. Nxd4 Nf6 5. Nc3 e5 6. Ndb5 d6 7. Bg5 a6 8.
Na3 b5 9. Nd5 Be7 10. Bxf6 Bxf6 11. c3 O-O 12. Nc2 Bg5 13. h4 Bh6 14. g3 f5 15.
exf5 Bxf5 16. Bg2 Bd7 17. O-O Rb8 18. Nce3 a5 19. a4 bxa4 20. Nc4 Be6 21. Qxa4
Bd7 22. Qa3 Be6 23. Qa4 Bd7 24. Qa3 Be6 25. Ndb6 d5 26. Na4 Nb4 27. cxb4 axb4
28. Qd3 dxc4 29. Qe4 Qd4 30. Qc6 Bf7 31. Rad1 Rfc8 32. Qa6 Qg4 33. Nb6 Qe6 34.
Bb7 Rc7 35. Bc8 Rbxc8 36. Qa5 Rf8 37. Qxb4 Rc6 38. Na4 g6 39. Nc3 Bg7 40. Ne4
h6 41. Rd2 Rfc8 42. Rfd1 Bf8 43. Qc3 Bg7 44. Qa5 Bf8 45. Rd8 Rxd8 46. Rxd8 Kg7
47. Qa8 Ra6 48. Qb7 Qc6 49. Qxc6 Rxc6 50. Rd1 Be6 51. Kg2 Rb6 52. Rd2 Rb3 53.
Rc2 Bd5 54. f3 Bxe4 55. fxe4 Rb4 56. Kf3 Bc5 57. Ke2 Bd4 58. Kd2 Rxb2 0-1

[Event "SR 3. liga A2 2005/2006"]
[Site "?"]
[Date "2005.??.??"]
[Round "?"]
[White "Gono, Pavol"]
[Black "Karlik, L."]
[Result "1-0"]
[WhiteElo "1995"]
[BlackElo "1850"]
[Annotator " 15.5"]
[PlyCount "113"]
[EventDate "2005.??.??"]

1. e4 d5 2. exd5 Qxd5 3. Nc3 Qa5 4. d4 c6 5. Nf3 Nf6 6. Bd3 Bg4 7. O-O e6 8.
Ne4 Nxe4 9. Bxe4 Bd6 10. h3 Bh5 11. Qd2 Qxd2 12. Bxd2 Nd7 13. c4 Nf6 14. Bc2
Bxf3 15. gxf3 Nh5 16. Rfe1 O-O-O 17. d5 cxd5 18. cxd5 exd5 19. Bf5+ Kb8 20. Bc3
Rhe8 21. Kf1 Rxe1+ 22. Rxe1 g6 23. Bc2 Nf4 24. Bf6 Rc8 25. Bb3 b5 26. h4 Kb7
27. Rd1 Rc5 28. Bd4 Rc4 29. Bxc4 bxc4 30. b3 a6 31. bxc4 dxc4 32. Rc1 Kc6 33.
Rxc4+ Kb5 34. Rc8 Ka4 35. Bc5 Be5 36. Ra8 f6 37. Be3 Kb5 38. Ra7 h6 39. Rb7+
Ka4 40. Bc5 g5 41. hxg5 hxg5 42. Rb4+ Ka5 43. a3 Bc7 44. Re4 Kb5 45. Be3 Bd6
46. a4+ Ka5 47. Bd2+ Kb6 48. Ke1 Nd3+ 49. Ke2 Nf4+ 50. Kd1 Be5 51. Kc2 Ne6 52.
Bc3 Nc5 53. Rb4+ Kc6 54. Bxe5 fxe5 55. a5 Kd5 56. Rb6 Kc4 57. Rg6 1-0

[Event "SR 3. liga A2 2005/2006"]
[Site "?"]
[Date "2005.??.??"]
[Round "?"]
[White "Fedor, Miroslav"]
[Black "Curidlo, Jan"]
[Result "1-0"]
[WhiteElo "1795"]
[BlackElo "2070"]
[Annotator " 15.6"]
[PlyCount "71"]
[EventDate "2005.??.??"]

1. d4 Nf6 2. c4 e6 3. Nf3 b6 4. g3 Bb7 5. Bg2 Be7 6. Nc3 O-O 7. O-O d6 8. Qc2
Nbd7 9. Rd1 Re8 10. Bg5 a6 11. Rac1 h6 12. Bxf6 Bxf6 13. Ne4 Rc8 14. Nxf6+ Qxf6
15. Qb3 c6 16. e3 Qe7 17. e4 d5 18. Nd2 e5 19. dxe5 Nxe5 20. Qc3 Rc7 21. exd5
cxd5 22. Qd4 Nc6 23. Qxb6 Rd7 24. cxd5 Nd8 25. Nf1 Rd6 26. Qa5 Qf6 27. Re1 Re5
28. Rxe5 Qxe5 29. Re1 Qg5 30. Qc7 Qf6 31. Ne3 Qe5 32. Rd1 f5 33. Nxf5 Nf7 34.
Nxd6 Nxd6 35. Qd7 Kf8 36. Qe6 1-0

[Event "SR 3. liga A2 2005/2006"]
[Site "?"]
[Date "2005.??.??"]
[Round "?"]
[White "Slaby, Jozef"]
[Black "Wurschner, Miroslav"]
[Result "1-0"]
[WhiteElo "1750"]
[BlackElo "1785"]
[Annotator " 15.7"]
[PlyCount "71"]
[EventDate "2005.??.??"]

1. d4 Nf6 2. c4 e6 3. Nf3 Be7 4. Nc3 O-O 5. e3 d5 6. Be2 dxc4 7. Bxc4 b6 8. O-O
Bb7 9. b3 c5 10. Bb2 Nc6 11. dxc5 Bxc5 12. Qe2 Qe7 13. Rad1 Rfd8 14. h3 h6 15.
Ba6 Nb4 16. Bxb7 Qxb7 17. Ne5 Nbd5 18. Nxd5 Nxd5 19. Qf3 Bd6 20. Rd2 Bxe5 21.
Bxe5 Qe7 22. Rfd1 Rac8 23. e4 Nf6 24. Bg3 Rxd2 25. Rxd2 Qb4 26. Re2 Qd4 27. Bf4
Rc3 28. Be3 Qd1+ 29. Kh2 Nxe4 30. Qg4 Nf6 31. Qf3 Nd5 32. h4 Kf8 33. Kg3 Rc2
34. Rxc2 Qxc2 35. a4 Qxb3 36. Bc5+ 1-0

[Event "SR 3. liga A2 2005/2006"]
[Site "?"]
[Date "2005.??.??"]
[Round "?"]
[White "Skapik, Branislav"]
[Black "Bincik, Pavol"]
[Result "1/2-1/2"]
[WhiteElo "1795"]
[BlackElo "1805"]
[Annotator " 15.8"]
[PlyCount "100"]
[EventDate "2005.??.??"]

1. e4 c6 2. d4 d5 3. Nc3 dxe4 4. Nxe4 Bf5 5. Ng3 Bg6 6. Be3 Nf6 7. Bd3 e6 8. h3
Nd5 9. Bxg6 hxg6 10. Qd2 Nxe3 11. Qxe3 Qb6 12. O-O-O Nd7 13. Nf3 Be7 14. Ne4
Qa5 15. Kb1 Qb6 16. Rhe1 Rh5 17. Neg5 Bxg5 18. Nxg5 Nf6 19. c4 Qa5 20. f4 Rd8
21. g4 Rh8 22. Qf3 Rd7 23. Re5 Qc7 24. Qa3 Kd8 25. Rxe6 Re7 26. Re5 Rhe8 27.
Rde1 Qd7 28. d5 cxd5 29. Qxa7 Kc8 30. Qc5+ Kd8 31. cxd5 Rxe5 32. fxe5 Nxd5 33.
Qa5+ Ke7 34. Qc5+ Kd8 35. Rd1 Nc3+ 36. bxc3 Qxd1+ 37. Kb2 Qd2+ 38. Kb3 Qd1+ 39.
Kb4 Qb1+ 40. Kc4 Qe4+ 41. Qd4+ Qxd4+ 42. cxd4 Kc7 43. Nxf7 Ra8 44. Kb3 Rf8 45.
e6 Kc6 46. e7 Re8 47. Ne5+ Kd5 48. Nxg6 Kxd4 49. Kb4 Kd5 50. h4 Ke6 1/2-1/2

[Event "SR 3. liga A2 2005/2006"]
[Site "?"]
[Date "2005.??.??"]
[Round "?"]
[White "Jurica, Peter"]
[Black "Skapikova, Lubica"]
[Result "0-1"]
[WhiteElo "2150"]
[BlackElo "2030"]
[Annotator " 16.1"]
[PlyCount "64"]
[EventDate "2005.??.??"]

1. Nf3 c5 2. d4 e6 3. g3 Nf6 4. Bg2 Nc6 5. O-O d5 6. b3 Bd6 7. Bb2 O-O 8. Nbd2
Rb8 9. c4 cxd4 10. cxd5 Nxd5 11. Nxd4 Nxd4 12. Bxd4 Bb4 13. Nc4 Nc3 14. Bxc3
Bxc3 15. Rc1 Bf6 16. e4 Bd4 17. e5 b5 18. Na5 Qxa5 19. Qxd4 Bb7 20. b4 Qxa2 21.
Rc7 Bxg2 22. Kxg2 Rbd8 23. Rd7 Rxd7 24. Qxd7 Qc4 25. Qd6 h5 26. Ra1 h4 27. Rd1
Qe4+ 28. f3 Qe2+ 29. Kh3 Qxf3 30. Rd3 Qf1+ 31. Kxh4 g5+ 32. Kg4 Qf5+ 0-1

[Event "SR 3. liga A2 2005/2006"]
[Site "?"]
[Date "2005.??.??"]
[Round "?"]
[White "Sipkovsky, Ivan"]
[Black "Blazek, Milos"]
[Result "0-1"]
[WhiteElo "1915"]
[BlackElo "2110"]
[Annotator " 16.2"]
[PlyCount "86"]
[EventDate "2005.??.??"]

1. e4 e5 2. Nf3 Nc6 3. Bb5 a6 4. Ba4 Nf6 5. O-O Be7 6. Re1 b5 7. Bb3 O-O 8. a4
b4 9. d3 d6 10. h3 Na5 11. Ba2 c5 12. Nbd2 Qc7 13. Nf1 Rb8 14. Ne3 g6 15. Bd2
Nc6 16. Nh2 Nd4 17. c3 bxc3 18. bxc3 Ne6 19. Neg4 Nh5 20. Bh6 Re8 21. g3 Nf8
22. Qf3 Be6 23. Be3 Bd8 24. Nh6+ Kg7 25. Bxe6 Nxe6 26. Nf5+ Kh8 27. Nh6 Rf8 28.
h4 Nhg7 29. Rab1 f5 30. exf5 gxf5 31. Qd5 Be7 32. Nf3 f4 33. gxf4 exf4 34. Rxb8
Qxb8 35. Bxf4 Rxf4 36. Rxe6 Nxe6 37. Qxe6 Qf8 38. Ng5 Bxg5 39. hxg5 Kg7 40.
Qd7+ Kh8 41. Qe6 Kg7 42. Qd7+ Kg6 43. Qe6+ Kxg5 0-1

[Event "SR 3. liga A2 2005/2006"]
[Site "?"]
[Date "2005.??.??"]
[Round "?"]
[White "Blatnicky, Miroslav"]
[Black "Fidericky, Milan"]
[Result "1-0"]
[WhiteElo "2110"]
[BlackElo "1915"]
[Annotator " 16.3"]
[PlyCount "79"]
[EventDate "2005.??.??"]

1. e4 e5 2. Bc4 Nf6 3. Nc3 Bc5 4. Nf3 Nc6 5. O-O d6 6. h3 O-O 7. d3 Be6 8. Bb3
h6 9. Na4 Bb6 10. c3 Qd7 11. Nh2 Ne7 12. Nxb6 axb6 13. f4 Qb5 14. c4 Qc5+ 15.
Kh1 exf4 16. Bxf4 Kh7 17. d4 Qh5 18. Qd3 b5 19. d5 bxc4 20. Qxc4 Nexd5 21. exd5
Bxd5 22. Qd3+ Be4 23. Qc3 Bc6 24. Bd1 Qb5 25. a4 Qa5 26. b4 Qa7 27. b5 Be4 28.
Bc2 b6 29. Be3 Qb7 30. Bd4 Rae8 31. Bxf6 gxf6 32. Bxe4+ Rxe4 33. Qxf6 Re6 34.
Qf5+ Rg6 35. Rf2 Qb8 36. Qd7 Rg7 37. Raf1 Qb7 38. Ng4 f5 39. Qe6 fxg4 40. Rxf8
1-0

[Event "SR 3. liga A2 2005/2006"]
[Site "?"]
[Date "2005.??.??"]
[Round "?"]
[White "Zisek, Jaroslav"]
[Black "Krchnak, Rudolf"]
[Result "1/2-1/2"]
[WhiteElo "1940"]
[BlackElo "1970"]
[Annotator " 16.4"]
[PlyCount "81"]
[EventDate "2005.??.??"]

1. c4 Nf6 2. Nc3 c5 3. e4 d6 4. Nge2 Nc6 5. g3 g6 6. Bg2 Bg7 7. O-O O-O 8. d3
Rb8 9. h3 a6 10. Kh2 Nd7 11. Be3 e6 12. Qd2 Nd4 13. Rab1 Nxe2 14. Nxe2 b5 15.
b3 Bb7 16. Rbc1 f5 17. exf5 Bxg2 18. Kxg2 Rxf5 19. d4 Qc7 20. g4 Rf7 21. d5 e5
22. Ng3 Nf6 23. Qd3 b4 24. Rce1 Rbf8 25. Bg5 Qd7 26. Bd2 Kh8 27. f3 a5 28. Re2
a4 29. Ref2 a3 30. h4 Qe7 31. g5 Nd7 32. Rh1 Kg8 33. Re2 Rxf3 34. Qe4 Qf7 35.
Be3 Bh8 36. Rh2 Bg7 37. Qg4 Rxe3 38. Rxe3 Qf2+ 39. Kh1 Qxe3 40. Qxd7 Qe1+ 41.
Kg2 1/2-1/2

[Event "SR 3. liga A2 2005/2006"]
[Site "?"]
[Date "2005.??.??"]
[Round "?"]
[White "Mikudik, Ivan"]
[Black "Sebesta, Radovan"]
[Result "1-0"]
[WhiteElo "1875"]
[BlackElo "1845"]
[Annotator " 16.5"]
[PlyCount "61"]
[EventDate "2005.??.??"]

1. d4 Nf6 2. c4 e6 3. Nc3 Bb4 4. Nf3 O-O 5. Bg5 h6 6. Bh4 c5 7. e3 Qa5 8. Qc2
d5 9. Bxf6 gxf6 10. Bd3 dxc4 11. Bxc4 Nc6 12. O-O cxd4 13. exd4 Bxc3 14. bxc3
Qh5 15. Rfe1 b6 16. Re4 Qg6 17. Bd3 f5 18. Re3 Qf6 19. Ne5 Nxe5 20. dxe5 Qh4
21. Qd2 f4 22. Rf3 Bb7 23. Rxf4 Qg5 24. f3 Kh8 25. h4 Qxe5 26. Rg4 Qf6 27. Bg6
fxg6 28. Qxh6+ Kg8 29. Rxg6+ Qxg6 30. Qxg6+ Kh8 31. Re1 1-0

[Event "SR 3. liga A2 2005/2006"]
[Site "?"]
[Date "2005.??.??"]
[Round "?"]
[White "Havlicek, Peter"]
[Black "Lanyi, Frantisek"]
[Result "1-0"]
[WhiteElo "1705"]
[BlackElo "1625"]
[Annotator " 16.6"]
[PlyCount "103"]
[EventDate "2005.??.??"]

1. e4 e5 2. Nf3 Nc6 3. Nc3 Nf6 4. Bc4 Bc5 5. d3 h6 6. O-O d6 7. h3 a6 8. a3 Nd4
9. Nxd4 Bxd4 10. Ne2 Ba7 11. Kh1 Be6 12. Bxe6 fxe6 13. f4 exf4 14. Nxf4 Qd7 15.
Ng6 Rg8 16. Bxh6 gxh6 17. Rxf6 O-O-O 18. Qg4 Rde8 19. Raf1 Kb8 20. Rf8 Qg7 21.
Rxe8+ Rxe8 22. c3 Bb6 23. h4 e5 24. Qf5 Rg8 25. h5 Be3 26. Qe6 Rd8 27. Rf7 Qg8
28. Qe7 Bb6 29. Rh7 Re8 30. Qd7 Rd8 31. Qf7 Qxf7 32. Rxf7 Be3 33. b3 b5 34. Kh2
Bg5 35. Kg3 Rg8 36. Rf8+ Rxf8 37. Nxf8 c5 38. Kg4 a5 39. c4 bxc4 40. dxc4 Kc8
41. Ne6 Bc1 42. a4 Kd7 43. Kf5 Ke7 44. g4 Bd2 45. g5 hxg5 46. Nxg5 Kf8 47. Kg6
Bxg5 48. Kxg5 Kg7 49. Kf5 Kh6 50. Ke6 Kxh5 51. Kxd6 Kg5 52. Kxe5 1-0

[Event "SR 3. liga A2 2005/2006"]
[Site "?"]
[Date "2005.??.??"]
[Round "?"]
[White "Lajda, Dusan"]
[Black "Beran, Jan"]
[Result "1-0"]
[WhiteElo "1715"]
[BlackElo "1695"]
[Annotator " 16.7"]
[PlyCount "67"]
[EventDate "2005.??.??"]

1. e4 e5 2. Nf3 Nc6 3. Bc4 Bc5 4. b4 Bxb4 5. c3 Be7 6. d4 exd4 7. O-O d6 8. Qb3
Ne5 9. Nxe5 dxe5 10. Bxf7+ Kf8 11. Bxg8 Rxg8 12. f4 Rh8 13. fxe5+ Ke8 14. Qf7+
Kd7 15. Rd1 c5 16. cxd4 Kc7 17. d5 Kb8 18. d6 Re8 19. Nc3 b6 20. dxe7 Qxe7 21.
Qxe7 Rxe7 22. Bf4 Kb7 23. Rd8 Be6 24. Rxa8 Kxa8 25. Rd1 Kb7 26. a3 Rd7 27.
Rxd7+ Bxd7 28. h4 Kc6 29. Nd5 c4 30. Kf2 a5 31. Ke2 b5 32. Bd2 b4 33. axb4 axb4
34. Nxb4+ 1-0

[Event "SR 3. liga A2 2005/2006"]
[Site "?"]
[Date "2005.??.??"]
[Round "?"]
[White "Janko, Ladislav"]
[Black "Horak, Ivan"]
[Result "1/2-1/2"]
[WhiteElo "2215"]
[BlackElo "2140"]
[Annotator " 17.1"]
[PlyCount "87"]
[EventDate "2005.??.??"]

1. e4 c5 2. Nf3 d6 3. c3 Nf6 4. Bd3 Nc6 5. Bc2 Bg4 6. d3 e5 7. Nbd2 Be7 8. h3
Bxf3 9. Nxf3 O-O 10. O-O Rc8 11. Qe2 Re8 12. a4 b6 13. Bd2 d5 14. Rfe1 d4 15.
Bb3 h6 16. cxd4 Nxd4 17. Nxd4 cxd4 18. f4 Bd6 19. fxe5 Bxe5 20. Rf1 Qd6 21. Qf3
Rc7 22. Qf5 Bh2+ 23. Kh1 Be5 24. Rac1 Ree7 25. Rxc7 Rxc7 26. Bf4 Bxf4 27. Qxf4
Qxf4 28. Rxf4 Nh5 29. Rf2 g5 30. Bc4 Kg7 31. Kg1 Nf4 32. b4 f6 33. Ra2 Ng6 34.
a5 Ne5 35. axb6 axb6 36. Bb5 Rc1+ 37. Kf2 Rb1 38. Ra7+ Kf8 39. Ra8+ Kf7 40.
Ra7+ Kf8 41. Ra8+ Kf7 42. Ra4 Rb2+ 43. Kf1 Ke6 44. Ba6 1/2-1/2